|
|
|
|
| LEADER |
00000nam a2200000 a 4500 |
| 001 |
vtls008941091 |
| 003 |
SK-MaSNL |
| 005 |
20260301124721.0 |
| 008 |
240318s2006 xo o f 000 0 slo |
| 015 |
|
|
|a SNBA2007/03-00872
|
| 020 |
|
|
|a 8070984430
|q (brož.)
|
| 035 |
|
|
|a 3C5E6321-7B78-4B38-BB38-E80708546D41
|
| 035 |
|
|
|a urn:nbn:sk:snk-aml22v
|
| 035 |
|
|
|a urn:nbn:sk:snk-am008lzu
|
| 040 |
|
|
|a SNK
|b slo
|c SNK
|e AACR2
|
| 041 |
0 |
|
|a slo
|b eng
|
| 043 |
|
|
|a e-xo---
|
| 044 |
|
|
|a xo
|c SK
|
| 072 |
|
7 |
|a 371
|x Školstvo (organizácia)
|2 konspekt
|
| 080 |
|
|
|a 371
|2 2001
|
| 080 |
|
|
|a (437.6)
|2 2001
|
| 080 |
|
|
|a (091)
|2 2001
|
| 100 |
1 |
|
|a Kočí, Martina,
|d 1979-
|4 aut
|9 114531
|
| 245 |
1 |
0 |
|a Dejiny školstva v okrese Detva
|b (aktuálne otázky školského múzejníctva)
|c Martina Kočí
|
| 250 |
|
|
|a [1. vyd.]
|
| 260 |
|
|
|a Bratislava
|b Ústav informácií a prognóz školstva
|c 2006
|
| 300 |
|
|
|a 105 s.
|b fotogr.
|c 20 cm
|
| 366 |
|
|
|e 150 výtl.
|
| 504 |
|
|
|a Bibliogr. s. 96-100
|
| 546 |
|
|
|a Res. angl.
|
| 650 |
0 |
7 |
|a dejiny školstva
|2 SNKPH
|9 71224
|
| 651 |
|
7 |
|a Detva (Slovensko : okres)
|2 SNKPH
|9 51839
|
| 919 |
|
|
|a 80-7098-443-0
|
| 958 |
|
|
|a NB
|
| 958 |
|
|
|a OND
|
| 968 |
|
|
|d 37
|
| 999 |
|
|
|c 740247
|d 742177
|
| 952 |
|
|
|a SNK
|b SNK
|y PREZ
|7 0
|p 17A0538707
|o snkSC 126497
|i snk2007/2833
|8 0
|0 0
|1 0
|4 0
|d 2007-01-31
|f 1
|l 0
|r 2025-06-11 00:00:00
|w 2026-02-23
|
| 952 |
|
|
|a SNK
|b SNK
|y VYP
|7 0
|p 17A0549817
|o snkSC 126497 D1
|i snk2007/10005
|8 0
|0 0
|1 0
|4 0
|d 2007-04-12
|l 0
|r 2026-02-23 22:57:05
|w 2026-02-23
|